| 000 | 00711nam a2200229 a 4500 | ||
|---|---|---|---|
| 001 | 54663 | ||
| 003 | AR-BaAGN | ||
| 005 | 20250221143015.0 | ||
| 007 | ta | ||
| 008 | s ag |||||r|||| ||| ||spa d | ||
| 040 |
_aAR-BaAGN _bspa _eaacr |
||
| 100 | 1 |
_aRuiz Moreno, Leandro _99071 |
|
| 245 | 1 | 0 |
_aTierra de Urquiza : _brevista ilustrada. _cRuiz Moreno, Leandro. |
| 260 |
_aParaná : _b"Asociación de Homenaje al Cap. Gral.Dn. Justo J. de Urquiza". _c1951, |
||
| 300 |
_a160 p. ; _c33 cm. |
||
| 336 |
_btxt _2rdacontent |
||
| 337 |
_bn _2rdamedia |
||
| 338 |
_bnc _2rdacarrier |
||
| 500 | _aAño II, nº 4 (mayo de 1951). | ||
| 500 | _aNúmero dedicado al centenario del pronunciamiento. | ||
| 942 |
_cLIBRO _n0 |
||
| 999 |
_c54663 _d54663 |
||